000 00526nab a2200145 4500
003 ES-SlBCS
005 20210327231301.0
008 170719s2017 po ||||| |||| 00| 0 por d
040 _aES-SlBCS
_bspa
100 1 _aTeixeira, Joao António Pinheiro
_9124131
245 1 3 _aUm coraçao em trespasse na Cruz
_b: o sofrimento humano em Deus e a compaixao divina no homem
_cJoao António Pinheiro Teixeira
650 0 0 _aDios
_923287
773 0 _gVol. 47, Nº 1, 2017, págs. 127-161
_tDidaskalia
_wRev163
_x0253-1674
942 _2lcc
_cAR
999 _c863182
_d863182